[Event "Ostrava Konik op"]
[Site "Ostrava"]
[Date "2014.05.03"]
[Round "8"]
[White "Bergloviec, Jan"]
[Black "Skrle, Vladimir"]
[Result "1-0"]
[WhiteElo "1869"]
[BlackElo "1830"]
[PlyCount "71"]
[EventDate "2014.04.26"]
[EventType "swiss"]
[EventRounds "9"]
[EventCountry "CZE"]
[SourceTitle "CBM 160 Extra"]
[Source "ChessBase"]
[SourceDate "2014.07.01"]
[SourceVersion "1"]
[SourceVersionDate "2014.07.01"]
[SourceQuality "1"]

1. d4 d5 2. Nf3 Nf6 3. c4 dxc4 4. Nc3 e6 5. Bg5 Be7 6. e3 a6 7. Bxc4 b5 8. Bd3 Bb7 9. 0-0 Nbd7 10. Rc1 c5 11. Bb1 cxd4 12. Nxd4 Rc8 13. a3 0-0 14. b4 Ne5 15. Qb3 Nc4 16. Rfd1 Nd5 17. Bxe7 Qxe7 18. Ne4 Ndb6 19. Nc5 Rfd8 20. e4 g6 21. Nf3 e5 22. h4 h5 23. Ba2 Bc6 24. Ng5 Be8 25. Qg3 Rd6 26. Rd3 Rxd3 27. Qxd3 Rd8 28. Qc3 Qf6 29. Nf3 Qf4 30. g3 Qf6 31. Kg2 Bc6 32. Bb3 Kg7 33. Re1 Qe7 34. a4 Nd6 35. Nxe5 Bb7 36. Nc6+ 1-0

[Event "Ostrava Konik op"]
[Site "Ostrava"]
[Date "2014.05.01"]
[Round "6"]
[White "Vinklarek, Robert"]
[Black "Skrle, Vladimir"]
[Result "1/2-1/2"]
[WhiteElo "1752"]
[BlackElo "1830"]
[PlyCount "67"]
[EventDate "2014.04.26"]
[EventType "swiss"]
[EventRounds "9"]
[EventCountry "CZE"]
[SourceTitle "CBM 160 Extra"]
[Source "ChessBase"]
[SourceDate "2014.07.01"]
[SourceVersion "1"]
[SourceVersionDate "2014.07.01"]
[SourceQuality "1"]

1. d4 d5 2. c4 dxc4 3. Nc3 e5 4. d5 c6 5. e4 Nf6 6. Bxc4 Bb4 7. Qb3 Bxc3+ 8. bxc3 0-0 9. Ba3 b5 10. Bd3 Re8 11. Rd1 Qb6 12. dxc6 Qxc6 13. Bxb5 Qxe4+ 14. Ne2 Nbd7 15. Bc4 Qg6 16. Bd6 Ne4 17. Bd5 Ba6 18. Bxa8 Rxa8 19. Qd5 Nb6 20. Qa5 Qxg2 21. Rf1 Bc4 22. Qxe5 Qf3 23. Ng1 Qg4 24. h3 Qg2 25. Ne2 Na4 26. Bb8 h6 27. Rd8+ Kh7 28. Qf5+ Qg6 29. Qf3 Qe6 30. Qe3 Nexc3 31. Qxe6 Bxe6 32. Nxc3 Nxc3 33. Rg1 Nxa2 34. Be5 1/2-1/2